Statistics for Obscure Bruce Springsteen Lyrics

Click here to take the quiz!

General Stats

  • This quiz has been taken 92 times
  • The average score is 4 of 15

Answer Stats

Answer% Correct
New York City Serenade
77%
For You
55%
Lucky Town
47%
Iceman
34%
Kingdom of Days
28%
I Wanna Be With You
26%
Sinaloa Cowboys
26%
City of Night
22%
Meet Me In The City
22%
TV Movie
22%
Cindy
19%
Your Own Worst Enemy
18%
Black Cowboys
16%
Bishop Danced
12%
Bring On The Night
12%

Score Distribution

Percentile by Number Answered

Percent of People with Each Score

Your Score History

You have not taken this quiz